Comment se portent les anorexiques traitées par Mara Selvini Palazzoli et ses équipes entre 1971 et 1987 ? (notice n° 1598133)
[ vue normale ]
| 000 -LEADER | |
|---|---|
| fixed length control field | 03587cam a2200469 4500500 |
| 005 - DATE AND TIME OF LATEST TRANSACTION | |
| control field | 20251228075716.0 |
| 041 ## - LANGUAGE CODE | |
| Language code of text/sound track or separate title | fre |
| 042 ## - AUTHENTICATION CODE | |
| Authentication code | dc |
| 100 10 - MAIN ENTRY--PERSONAL NAME | |
| Personal name | Selvini, Matteo |
| Relator term | author |
| 245 00 - TITLE STATEMENT | |
| Title | Comment se portent les anorexiques traitées par Mara Selvini Palazzoli et ses équipes entre 1971 et 1987 ? |
| 260 ## - PUBLICATION, DISTRIBUTION, ETC. | |
| Date of publication, distribution, etc. | 2003.<br/> |
| 500 ## - GENERAL NOTE | |
| General note | 87 |
| 520 ## - SUMMARY, ETC. | |
| Summary, etc. | Dans cet article, nous présentons les résultats d’une recherche de follow-up concernant les jeunes filles anorexiques traitées par Mara Selvini Palazzoli et ses équipes. Non seulement les données récoltées confirment l’efficacité de la thérapie familiale, mais elles démontrent aussi combien la disponibilité de la famille à s’impliquer dans un processus de traitement est importante. Enfin, cette recherche remet en cause les modèles de thérapie familiale brève, stratégique, basés sur la prescription, au profit de modèles basés sur la prise en charge de plus longue durée et qui intègrent aussi bien le travail individuel que le travail familial. |
| 520 ## - SUMMARY, ETC. | |
| Summary, etc. | Follow-up of anorectic girls treated by Mara Selvini Palazzoli and her teams between 1971 and 1987? A quantitative study of family therapy’s results.This paper reports the results of interim data on the follow-up study of anorectic girls seen by Mara Selvini Palazzoli and her teams. The data show the efficacy of family therapy and show that the family’s willingness to become involved is a strong predictive factor of improvement. Finally this research shows the deficiencies of brief and strategy oriented family therapy, and favors long-term therapy integrating individual and family treatment. |
| 520 ## - SUMMARY, ETC. | |
| Summary, etc. | ¿Cómo van las anorecticas que trararon Mara Selvini Palazzoli y sus equipas entre 1971 y 1987? Una estudia cuantitativa de los datos de la psicoterapía familiar.En este artículo presentamos los datos de una investigación sobre el follow-up de las chicas anoréxicas seguidas por Mara Palazzoli y sus equipos. No solo los datos que se han recogido confienan la eficacia de la terapía familiar, sino que demuestran además el hecho de que la disponibilidad de la familia a llevar a cabo un tratamiento, es un factor predictivo favorable. En fin, esta investigación discute los modelos de terapía familiar breve, prescriptiva y estratégica, en favor de modelos que se basan en tratamiento más largos y duraderos, integrando paralelamente sesiones individuales y familiares. |
| 690 ## - LOCAL SUBJECT ADDED ENTRY--TOPICAL TERM (OCLC, RLIN) | |
| Topical term or geographic name as entry element | Anorexie |
| 690 ## - LOCAL SUBJECT ADDED ENTRY--TOPICAL TERM (OCLC, RLIN) | |
| Topical term or geographic name as entry element | Comparaison entre les trois modèles thérapeutiques |
| 690 ## - LOCAL SUBJECT ADDED ENTRY--TOPICAL TERM (OCLC, RLIN) | |
| Topical term or geographic name as entry element | Efficacité |
| 690 ## - LOCAL SUBJECT ADDED ENTRY--TOPICAL TERM (OCLC, RLIN) | |
| Topical term or geographic name as entry element | Facteurs prédictifs |
| 690 ## - LOCAL SUBJECT ADDED ENTRY--TOPICAL TERM (OCLC, RLIN) | |
| Topical term or geographic name as entry element | Follow-up |
| 690 ## - LOCAL SUBJECT ADDED ENTRY--TOPICAL TERM (OCLC, RLIN) | |
| Topical term or geographic name as entry element | Risques de médicalisation de la souffrance |
| 690 ## - LOCAL SUBJECT ADDED ENTRY--TOPICAL TERM (OCLC, RLIN) | |
| Topical term or geographic name as entry element | Thérapie familiale |
| 690 ## - LOCAL SUBJECT ADDED ENTRY--TOPICAL TERM (OCLC, RLIN) | |
| Topical term or geographic name as entry element | Anorexia |
| 690 ## - LOCAL SUBJECT ADDED ENTRY--TOPICAL TERM (OCLC, RLIN) | |
| Topical term or geographic name as entry element | Comparison bet- ween the three therapeutic methods |
| 690 ## - LOCAL SUBJECT ADDED ENTRY--TOPICAL TERM (OCLC, RLIN) | |
| Topical term or geographic name as entry element | Efficacy |
| 690 ## - LOCAL SUBJECT ADDED ENTRY--TOPICAL TERM (OCLC, RLIN) | |
| Topical term or geographic name as entry element | Family therapy |
| 690 ## - LOCAL SUBJECT ADDED ENTRY--TOPICAL TERM (OCLC, RLIN) | |
| Topical term or geographic name as entry element | Follow-up |
| 690 ## - LOCAL SUBJECT ADDED ENTRY--TOPICAL TERM (OCLC, RLIN) | |
| Topical term or geographic name as entry element | Predictive factors |
| 690 ## - LOCAL SUBJECT ADDED ENTRY--TOPICAL TERM (OCLC, RLIN) | |
| Topical term or geographic name as entry element | Risk of medicalizing the suffering |
| 700 10 - ADDED ENTRY--PERSONAL NAME | |
| Personal name | Selvini Palazzoli, Mara |
| Relator term | author |
| 700 10 - ADDED ENTRY--PERSONAL NAME | |
| Personal name | Allegra, Giuliana |
| Relator term | author |
| 700 10 - ADDED ENTRY--PERSONAL NAME | |
| Personal name | Babando, Renza |
| Relator term | author |
| 700 10 - ADDED ENTRY--PERSONAL NAME | |
| Personal name | Basile, Pino |
| Relator term | author |
| 700 10 - ADDED ENTRY--PERSONAL NAME | |
| Personal name | Bedarida, Laura |
| Relator term | author |
| 700 10 - ADDED ENTRY--PERSONAL NAME | |
| Personal name | Gogliani, Anna |
| Relator term | author |
| 700 10 - ADDED ENTRY--PERSONAL NAME | |
| Personal name | Mancini, Aurelio |
| Relator term | author |
| 700 10 - ADDED ENTRY--PERSONAL NAME | |
| Personal name | Panico, Danilo |
| Relator term | author |
| 700 10 - ADDED ENTRY--PERSONAL NAME | |
| Personal name | Pasin, Emanuela |
| Relator term | author |
| 700 10 - ADDED ENTRY--PERSONAL NAME | |
| Personal name | Serra, Teresa |
| Relator term | author |
| 786 0# - DATA SOURCE ENTRY | |
| Note | Thérapie Familiale | 24 | 4 | 2003-12-01 | p. 381-402 | 0250-4952 |
| 856 41 - ELECTRONIC LOCATION AND ACCESS | |
| Uniform Resource Identifier | <a href="https://shs.cairn.info/revue-therapie-familiale-2003-4-page-381?lang=fr&redirect-ssocas=7080">https://shs.cairn.info/revue-therapie-familiale-2003-4-page-381?lang=fr&redirect-ssocas=7080</a> |
Pas d'exemplaire disponible.




Réseaux sociaux